Library Catalog

Pulbrook & Gould flowers / (Record no. 492743)

MARC details
000 -LEADER
fixed length control field 00867nam a22002177a 4500
003 - CONTROL NUMBER IDENTIFIER
control field OSt
005 - DATE AND TIME OF LATEST TRANSACTION
control field 20260513113922.0
008 - FIXED-LENGTH DATA ELEMENTS--GENERAL INFORMATION
fixed length control field 260513b |||||||| |||| 00| 0 eng d
020 ## - INTERNATIONAL STANDARD BOOK NUMBER
International Standard Book Number 9781855857070
040 ## - CATALOGING SOURCE
Original cataloging agency Kenya National Library Service
082 ## - DEWEY DECIMAL CLASSIFICATION NUMBER
Classification number 745.92 WAI
100 ## - MAIN ENTRY--PERSONAL NAME
Personal name Waites Sonja
Relator term author
245 ## - TITLE STATEMENT
Title Pulbrook & Gould flowers /
Statement of responsibility, etc. Sonja Waites and Sharon Amos
300 ## - PHYSICAL DESCRIPTION
Extent 176 pages :
Other physical details colour illustrations ;
Dimensions 31 cm
504 ## - BIBLIOGRAPHY, ETC. NOTE
Bibliography, etc. note Includes index
520 ## - SUMMARY, ETC.
Summary, etc. Pulbrook and Gould Flowers is the story of their style, celebrated with a collection of new flower arrangements. From the classic to country to contemporary, traditional ideas are interpreted into modern designs for all occasions.
650 ## - SUBJECT ADDED ENTRY--TOPICAL TERM
Topical term or geographic name entry element Flower arrangements
Form subdivision Great Britain
942 ## - ADDED ENTRY ELEMENTS (KOHA)
Source of classification or shelving scheme Dewey Decimal Classification
Koha item type Books
Suppress in OPAC No

No items available.

© 2025, Kenya National Library Service | Designed & Maintained by Uvumbuzi Center